000 02790cam a2200301 4500500
005 20260111145821.0
041 _afre
042 _adc
100 1 0 _aAthanassopoulou, Angélique
_eauthor
245 0 0 _a« Nos Albanais à nous »
260 _c2005.
500 _a91
520 _aRésuméDurant les années quatre-vingt-dix, la Grèce devient la destination privilégiée d’un très grand nombre d’émigrés albanais. Dans la commune agricole de Guerbessi, les Arvanites (Grecs d’ancienne origine albanaise) définissent ces immigrés en tant que culturellement proches d’eux à travers un idiome commun – la langue arvanite – et leur idéologie de gauche. La reconnaissance, par les Arvanites, de cette proximité culturelle, leur donne les moyens de contrôler et de gérer cette émigration, ainsi que les rapports de travail qu’ils entretiennent avec les Albanais. Ce contexte contribue, pour chaque communauté, à redéfinir ses relations avec l’État grec et à développer son identité locale au sein de la modernité.
520 _aGreece became the privileged destination of a great number of Albanian migrants in the nineties. In the agricultural commune of Guerbessi, the Arvanites (Greeks of ancient Albanese origin) recognize these immigrants as culturally related to them through a common idiom – the Arvanite language – and their left ideology. This recognition enables them to control and manage this immigration and their work relationships with Albanians. In this context, the local community redefinies its relationships with the Greek State and reconstructs its identity.
520 _aZusammenfassungIn den 1990er Jahren wurde Griechenland zum bevorzugten Bestimmungsland zahlreicher albanischer Immigranten. In der landwirtschaftlichen Gemeinde von Guerbessi erkennen sich die Arbaniten (Griechen alter albanischer Herkunft) als durch einen gemeinsamen Idiom – die arbanitische Sprache – und ihre Linksideologie mit diesen Immigranten kulturell verwandt an. Diese Anerkennung ermöglicht ihnen diese Immigration, sowie ihre Arbeitsbeziehungen mit den Albanern zu kontrollieren und managen. Dieser Kontext ermöglicht jeder Gemeinschaft, ihre Beziehungen zum griechischen Staat neu zu bestimmen und ihre lokale Identität innerhalb der Modernität zu entwickeln.
690 _aalbanais
690 _aArvanites
690 _aGuerbessi
690 _aimmigration
690 _aPéloponnèse
690 _aAlbanians
690 _aArvanites
690 _aGuerbessi
690 _aimmigration
690 _aPeloponnese
786 0 _nEthnologie française | 35 | 2 | 2005-06-01 | p. 267-278 | 0046-2616
856 4 1 _uhttps://shs.cairn.info/revue-ethnologie-francaise-2005-2-page-267?lang=fr&redirect-ssocas=7080
999 _c1636522
_d1636522